000 00550nam a2200193Ia 4500
008 220531s9999 xx 000 0 und d
041 _aeng
082 _a658.3
_bVEL
100 _aVeluri, S. V. S.
_968333
245 _aOrganisational Behaviour: An Interactive Learning Approach Text And Cases
250 _a1ST
260 _aMumbai
_bJaico Publication House
_c2010
300 _a608
542 _d16-01-2015
551 _aCommerce
_bUgc-C
650 _aOrganisational Behavior
_968334
906 _d2014-2015
_f6802
999 _c38398
_d38398